| 000 -LEADER |
| fixed length control field |
00527nam a22001697a 4500 |
| 008 - FIXED-LENGTH DATA ELEMENTS--GENERAL INFORMATION |
| fixed length control field |
150601b xxu||||| |||| 00| 0 eng d |
| 020 ## - INTERNATIONAL STANDARD BOOK NUMBER |
| International Standard Book Number |
0750672587 |
| 041 0# - LANGUAGE CODE |
| Language code of text/sound track or separate title |
eng |
| 080 ## - UNIVERSAL DECIMAL CLASSIFICATION NUMBER |
| Universal Decimal Classification number |
338 |
| 245 04 - TITLE STATEMENT |
| Title |
The knowledge management yearbook 2000-2001 |
| Statement of responsibility, etc |
[edited by] James W. Cortada, John A. Woods. |
| 260 ## - |
| -- |
Boston : |
| -- |
Butterworth-Heinemann, |
| -- |
c1999. |
| 300 ## - |
| -- |
561 f.: |
| -- |
me il.; |
| -- |
25 cm. |
| 505 ## - |
| -- |
Index: f. 553-561 |
| 650 #0 - |
| -- |
Organizimi i dijes |
| 710 2# - |
| -- |
NetLibrary, Inc. |
| 942 ## - ADDED ENTRY ELEMENTS (KOHA) |
| Source of classification or shelving scheme |
|
| Item type |
Books |